Biblioteca

El Dios im-potente : (Registro nro. 64921)

Detalles MARC
000 -LÍDER
Campo fijo de descripción fija 01102nam a22003137i 4500
001 - NÚMERO DE CONTROL
Campo de control 768714001
003 - IDENTIFICADOR DEL NÚMERO DE CONTROL
Campo de control CO-MdFUSB
005 - FECHA Y HORA DE LA ULTIMA TRANSACCIÓN
control field 20190408164754.0
008 - ELEMENTOS DE LONGITUD FIJA -- INFORMACIÓN GENERAL
Campo fijo de descripción fija -- Información general 190403t2007 ck |||| |||| 00| 0 spa d
020 ## - NÚMERO INTERNACIONAL NORMALIZADO PARA LIBROS
Número Internacional Normalizado del libro 9789587159769
040 ## - FUENTE DE CATALOGACIÓN
Agencia de catalogación original CO-MdFUSB
Idioma de catalogación spa
Agencia que realiza la transcripción CO-MdFUSB
Agencia que realiza la modificación CO-MdFUSBC
Convenciones de la descripción rda
041 ## - CÓDIGO DE IDIOMA
Código de idioma para texto/pista de sonido o título separado spa
082 ## - NÚMERO DE CLASIFICACIÓN DECIMAL DEWEY
Número de la edición del Dewey 23
Número de clasificación 231.8
Clave de autor-Numero de item G633
100 ## - ASIENTO PRINCIPAL--NOMBRE PERSONAL
Nombre personal Gomes, Paulo Roberto
Término relacionador /autor.
240 ## - TITULO UNIFORME
Título uniforme <a href="O Deus im-potente">O Deus im-potente</a>
245 ## - TÍTULO
Título del Material El Dios im-potente :
Parte restante del título - Subtitulo El sufrimiento y el mal en confrontación con la cruz.
Mención de responsabilidad, etc. / Gomes, Paulo Roberto ; Traducido por: Aimar, Augusto.
264 ## - PRODUCCIÓN, PUBLICACIÓN, DISTRIBUCIÓN, MANUFACTURA, Y COPYRIGHT
Lugar de producción, publicación, distribución, manufactura Bogotá, Colombia
Nombre del productor, publicador, distribuidor San Pablo
Fecha de producción, publicación, distribución, manufactura, o copyright [2015]
264 ## - PRODUCCIÓN, PUBLICACIÓN, DISTRIBUCIÓN, MANUFACTURA, Y COPYRIGHT
Fecha de producción, publicación, distribución, manufactura, o copyright ©2007
300 ## - DESCRIPCIÓN FÍSICA
Extensión 276 Páginas
Dimensiones ; 21 cm
336 ## - TIPO DE CONTENIDO
Fuente rdacontent
Término de tipo de contenido texto
Código de tipo de contenido txt
337 ## - TIPO DE MEDIO
Fuente rdamedia
Nombre del tipo de medio sin mediación
Código del tipo de medio n
338 ## - TIPO DE SOPORTE
Fuente rdacarrier
Nombre del tipo de soporte volumen
Código Tipo de soporte nc
504 ## - NOTA DE BIBLIOGRAFÍA, ETC.
Nota de bibliografía, etc Incluye bibliografía (páginas: 265-276)
505 I# - NOTA DE CONTENIDO
Información miscelánea PARTE 1:
Título La fe cuestionada.<br/>
Información miscelánea PARTE 2:
Título La fe que busca comprensión.
Información miscelánea PARTE 3:
Título La fe en sus respuestas provisorias
650 #7 - ASIENTO SECUNDARIO DE MATERIA - TERMINO TEMÁTICO
9 (RLIN) 281
Término temático o nombre geográfico como elemento de entrada Sufrimiento
650 #0 - ASIENTO SECUNDARIO DE MATERIA - TERMINO TEMÁTICO
9 (RLIN) 936
Término temático o nombre geográfico como elemento de entrada Bien y mal
650 #7 - ASIENTO SECUNDARIO DE MATERIA - TERMINO TEMÁTICO
9 (RLIN) 531
Término temático o nombre geográfico como elemento de entrada Fe
942 ## - TIPO DE MATERIAL (KOHA)
Tipo de Item KOHA Libros General
Existencias
Estado de Material Estado de Perdido Forma de Clasificación Estado de Dañado No para Préstamo Colección Biblioteca de Origen Biblioteca Permanente Fecha de Adquisición Forma de Adquisición Total de Préstamos Total de Renovaciones Signatura Topográfica Código de Barras Última vez visto Última vez Préstado Ejemplar/Existencia Fecha de Remplazo Tipo de Material
    Dewey Decimal Classification     Colección General Biblioteca FUSBC Biblioteca FUSBC 03/04/2019 compra 6 7 G231.8 G633d 13542 08/08/2025 22/03/2024 Ej. 1 03/04/2019 Libros General

Biblioteca FUSBC | Teléfono: (57+4) 349 88 10 Ext. 141| WhatsApp (+57) 3005338115 
E-mail: biblioteca@unisbc.edu.co | Calle 76 87-14 Robledo Palenque, Medellín, Colombia

Con tecnología Koha